Schweizerisches Gebrauchssilber (Record no. 7844)

MARC details
000 -CABECERA
campo de control de longitud fija 00749nam a2200253 a 4500
001 - NÚMERO DE CONTROL
campo de control BRCA_8176
005 - FECHA Y HORA DE LA ÚLTIMA TRANSACCIÓN
campo de control 20190320210149.0
008 - DATOS DE LONGITUD FIJA--INFORMACIÓN GENERAL
campo de control de longitud fija 070514s1954----sz-a###f##---#000-0#ger-#
041 ## - CÓDIGO DE LENGUA
Código de lengua del texto/banda sonora o título independiente ger
044 ## - CÓDIGO DEL PAÍS DE LA ENTIDAD EDITORA/PRODUCTORA
Código MARC del país sz
050 #4 - SIGNATURA TOPOGRÁFICA DE LA BIBLIOTECA DEL CONGRESO
Número de clasificación NK7164
Número de documento/Ítem .G97 2 1954
100 1# - ENTRADA PRINCIPAL--NOMBRE DE PERSONA
Nombre de persona Gysin, F.
9 (RLIN) 13146
245 10 - MENCIÓN DE TÍTULO
Título Schweizerisches Gebrauchssilber
Mención de responsabilidad, etc. F. Gysin.
260 ## - PUBLICACIÓN, DISTRIBUCIÓN, ETC.
Lugar de publicación, distribución, etc. Berna, Suiza
Nombre del editor, distribuidor, etc. Paul Hapt
Fecha de publicación, distribución, etc. 1954
300 ## - DESCRIPCIÓN FÍSICA
Extensión 10 p.
Otras características físicas il., 16 láminas
Dimensiones 24 cm.
440 #0 - MENCIÓN DE SERIE/PUNTO DE ACCESO ADICIONAL--TÍTULO
Título aus dem Schweizerischen Landesmuseum
Número de parte o sección de la obra 3
9 (RLIN) 18798
500 ## - NOTA GENERAL
Nota general Ejemplar igual a T26
500 ## - NOTA GENERAL
Nota general X78
650 14 - PUNTO DE ACCESO ADICIONAL DE MATERIA--TÉRMINO DE MATERIA
Término de materia o nombre geográfico como elemento de entrada Platería
Subdivisión de forma Objetos de arte
Subdivisión geográfica Suiza
9 (RLIN) 18799
650 14 - PUNTO DE ACCESO ADICIONAL DE MATERIA--TÉRMINO DE MATERIA
Término de materia o nombre geográfico como elemento de entrada Platería
Subdivisión de forma Técnicas y diseños
Subdivisión geográfica Suiza
9 (RLIN) 18800
650 14 - PUNTO DE ACCESO ADICIONAL DE MATERIA--TÉRMINO DE MATERIA
Término de materia o nombre geográfico como elemento de entrada Galerías y museos
Subdivisión geográfica Suiza
9 (RLIN) 10728
902 ## - CATALOGADOR
Iniciales GFM
942 ## - ELEMENTOS DE PUNTO DE ACCESO ADICIONAL (KOHA)
Fuente del sistema de clasificación o colocación Library of Congress Classification
Tipo de ítem Koha Libros
Holdings
Estado de retiro Estado de pérdida Estado dañado No para préstamo Localización permanente Ubicación/localización actual Fecha de adquisición Número de inventario Total de préstamos Signatura topográfica completa Código de barras Fecha visto por última vez Precio válido a partir de Tipo de ítem Koha
El ejemplar forma parte de la colección y puede ser consultado según las políticas vigentes.       Biblioteca del Museo Franz Mayer (Rogerio Casas-Alatriste) Biblioteca del Museo Franz Mayer (Rogerio Casas-Alatriste) 07/05/2014 X78   NK7164 .G97 2 1954 (X78) 8800 22/03/2019 22/03/2019 Libros